000 00874cam a2200253 a 4500
001 4033119
005 20241127125357.0
008 980310s1998 miu b 001 0 eng
020 _a080105804X (pbk.)
050 0 0 _aPS169.B5
_bL63 1998
082 0 0 _a810.9/382
_221
100 1 _aLockerbie, D. Bruce.
245 1 0 _aDismissing God :
_bmodern writers' struggle against religion /
_cD. Bruce Lockerbie.
260 _aGrand Rapids, Mich. :
_bBaker Books,
_cc1998.
300 _a254 p. ;
_c23 cm.
650 0 _aAmerican literature
_xHistory and criticism.
650 0 _aEnglish literature
_y20th century
_xHistory and criticism.
650 0 _aReligion and literature
_zEnglish-speaking countries.
650 0 _aBelief and doubt in literature.
650 0 _aReligion in literature.
650 0 _aAtheism in literature.
650 0 _aGod in literature.
942 _2lcc
_cBK
_n0
999 _c1609
_d1609